| 000 | 01275nam a2200313 c 4500 | ||
|---|---|---|---|
| 003 | BLK | ||
| 005 | 20230515102740.0 | ||
| 008 | 180408b bul|||||r ||||||| ||bul|| | ||
| 010 | _aKNG00095023000 | ||
| 040 | _aBLK | ||
| 041 |
_aBUL _cBUL |
||
| 080 |
_aСоциография. Социално положение. Условия на политическия и социалния живот. Социално и социално-икономическо положение на отделните страни, народи, раси. Социална география. (Общи въпроси) _b308 _x(540) _z308(540) |
||
| 100 | 1 |
_aГенов, Николай Иванов _eпърви автор _9371923 |
|
| 139 |
_aГенов, Николай Иванов _bГ 31 |
||
| 245 | 1 | 0 |
_aИндия _cНиколай Иванов Генов. |
| 257 | _aBGR | ||
| 260 |
_аСофия _bНар. просв. _c1987 |
||
| 300 |
_a120 с. _bс ил., 12 л. : цв. ил. _c22 см |
||
| 380 | _a3 | ||
| 500 | _a10 102 тир. | ||
| 650 | 4 |
_aИндия _9178950 |
|
| 651 | 4 |
_aИндия _9178950 |
|
| 653 | _aИндия | ||
| 852 | _aЦб 149179 | ||
| 856 | 4 |
_qpdf _u |
|
| 856 | 4 |
_qpdf _u |
|
| 942 |
_cKNG _n0 _02 |
||
| 944 |
_aCR _c30.03.2010 _lф / _kЛюдмила_Стоянова |
||
| 944 |
_aED _c13.04.2010 _lф / _k |
||
| 999 |
_c90284 _d90284 |
||